Statistics for Lord of the Rings Geography Quiz #2

Click here to take the quiz!

General Stats

  • This quiz has been taken 1,227 times
  • The average score is 11 of 15

Answer Stats

Hint Answer % Correct
The Capital city of Gondor is:Minas Tirith
94%
Elrond lives in:Rivendell
88%
The Tower of Isengard was called:Orthanc
88%
The town the Hobbits meet Aragorn in is called:Bree
84%
A Great Fortress in Rohan is called:Helm's Deep
79%
Frodo grew up in:Bag End
76%
The Dark Tower is called:Barad-dur
72%
The Lonely Mountain's real name is:Erebor
68%
The Capital city of Rohan is:Edoras
67%
The marshes near Gondor are called:The Dead Marshes
66%
A battle against Nazgul was fought on the hill of:Weathertop
65%
The City of Minas Tirith iis opposite to the city of:Minas Morgul
64%
A great city in the Misty Mountains was called:Moria
60%
Mt. Doom is also called:Orodruin
42%
The Shire is split up into four:Farthings
38%

Score Distribution

Percentile by Number Answered

Percent of People with Each Score

Your Score History

You have not taken this quiz